| 000 | 00567nam a2200181 i 4500 | ||
|---|---|---|---|
| 001 | 51393 | ||
| 003 | ES-MaACL | ||
| 005 | 20251211134233.0 | ||
| 007 | t| | ||
| 008 | 030812s1966 sp ||||1| spa d | ||
| 100 | 1 |
_aDahrendorf, Ralf. _942451 |
|
| 245 | 1 | 0 |
_aSociedad y sociología _b: la ilustración aplicada / _cRalf Dahrendorf ; [traducción de José Belloch Zimmermann]. |
| 260 |
_aMadrid : _bTecnos, _c[1966] |
||
| 300 |
_a277 p. ; _c24 cm. |
||
| 700 | 0 |
_aBelloch Zimmermann, José _927259 |
|
| 852 |
_aES-MaACL _jC-31062 _bR.70183 |
||
| 999 |
_c51393 _d51393 |
||